00602 2200229 4500001002100000005001500021035002000036007000300056008004100059020002200100082001000122084001600132100001900148245007500167250001000242260003200252300002100284650002300305700002200328990001100350990001100361INLIS00000000000309620190207094252 a0010-0219000038ta190207 g 0 ind  a978-602-1142-08-0 a153.8 a153.8 VER r0 aVERNON, Howard1 aRahasia Kekuatan Mental /cVernon Howard; penerjemah, Zulkarnaen Ishak acet.5 aYogyakarta :bBright,c2018 a319 hlm ;c21 cm aPSIKOLOGI.MOTIVASI0 aZULKARNAEN, Ishak a6500 a a6500 b